Embassy to Tamerlane 1403-1406 /

Bibliographic Details
Main Author: González de Clavijo, Ruy, -1412
Format: Book
Language:English
Published: London ; New York : RoutledgeCurzon, 2005.
Series:Broadway travellers ; 7.
Subjects:

MARC

Tag First Indicator Second Indicator Subfields
LEADER 00000cam a2200000 a 4500
001 in00002045913
005 20151101060443.0
008 770725r20051928enkabf b 001 0 eng
020 |a 0415344891 
035 |a (OCoLC)ocm56450685 
040 |a UKM  |c UKM  |d C#P  |d TXA  |d UtOrBLW 
041 1 |a eng  |h spa 
043 |a e------  |a a------ 
049 |a TXAM 
082 0 |a 914.04193  |2 22 
090 |a DS23  |b .G6 2005 
100 1 |a González de Clavijo, Ruy,  |d -1412. 
245 1 0 |a Embassy to Tamerlane 1403-1406 /  |c Clavijo ; [with an introduction and translated by Guy Le Strange]. 
264 1 |a London ;  |a New York :  |b RoutledgeCurzon,  |c 2005. 
300 |a xv, 375 pages, 7 unnumbered leaves of plates :  |b illustrations, maps ;  |c 23 cm. 
336 |a text  |b txt  |2 rdacontent 
337 |a unmediated  |b n  |2 rdamedia 
338 |a volume  |b nc  |2 rdacarrier 
490 1 |a The Broadway travellers ;  |v 7 
500 |a At head of title: Clavijo. 
500 |a "The Spanish text from which the present translation has been made is that edited in 1881 with a Russian version by I. Sreznevski and published at St. Petersburg by the Imperial Academy of Sciences"--Preface. 
500 |a Facsim. of edition published: 1928. 
500 |a Translated from the Spanish. 
504 |a Includes bibliographical references (pages 339-363) and index. 
600 0 0 |a Timur,  |d 1336-1405  |x Travel  |z Europe  |v Early works to 1800. 
600 0 0 |a Timur,  |d 1336-1405  |x Travel  |z Asia  |v Early works to 1800. 
651 0 |a Europe  |x Description and travel  |v Early works to 1800. 
651 0 |a Asia  |x Description and travel  |v Early works to 1800. 
830 0 |a Broadway travellers ;  |v 7. 
948 |a cataloged  |b h  |c 2005/7/26  |d c  |e dmitchel  |f 3:30:30 pm 
994 |a C0  |b TXA 
999 |a MARS 
999 f f |s e74498cd-01aa-3755-a99b-2f967ce44b1c  |i 276fcbd8-ad55-3b57-948f-d1c3e724223f  |t 0 
952 f f |p normal  |a Texas A&M University  |b College Station  |c Sterling C. Evans Library  |d Evans: Library Stacks  |t 0  |e DS23 .G6 2005  |h Library of Congress classification  |i unmediated -- volume  |m A14832800360 
998 f f |a DS23 .G6 2005  |t 0  |l Evans: Library Stacks